C & S ng : Colorado & Southern narrow gauge /

Bibliographic Details
Main Author: Ferrell, Mallory Hope
Format: Book
Language:English
Published: [Boulder, Colo.] : [Pruett Pub. Co.], [1981]
Edition:[1st ed.].
Subjects:

MARC

Tag First Indicator Second Indicator Subfields
LEADER 00000pam a2200000 a 4500
001 in00000277607
005 20151010063606.0
008 810128s1981 couab b 00110 engm
010 |a  81000691  
020 |a 0871085348 
035 |a (OCoLC)07249806 
035 |9 ABE0115AM 
039 0 |a 2  |b 3  |c 3  |d 3  |e 3 
040 |a DLC  |c DLC  |d m.c.  |d TXA  |d UtOrBLW 
043 |a n-us-co 
049 |a TXAM  |c [1562258] 
050 0 0 |a HE3695 C6  |b  F47 
082 0 |a 385/.52/09788  |2 19 
100 1 |a Ferrell, Mallory Hope. 
245 1 0 |a C & S ng :  |b Colorado & Southern narrow gauge /  |c by Mallory Hope Ferrell. 
250 |a [1st ed.]. 
264 1 |a [Boulder, Colo.] :  |b [Pruett Pub. Co.],  |c [1981] 
264 4 |c [©1981] 
300 |a 238 pages 5 unnumbered pages color plates :  |b illustrations, maps ;  |c 28 cm. 
336 |a text  |b txt  |2 rdacontent 
337 |a unmediated  |b n  |2 rdamedia 
338 |a volume  |b nc  |2 rdacarrier 
500 |a Illustrations on lining papers. 
504 |a Includes bibliographical references and index. 
610 2 0 |a Colorado and Southern Railway  |x History. 
650 0 |a Narrow gauge railroads  |z Colorado  |x History. 
999 |a MARS 
999 f f |s 80c273e8-6a9e-3213-95bb-86c4ac08c8a4  |i 69fb5da0-ac44-3553-ba36-d7463bb86bba  |t 0 
952 f f |p ric  |a Texas A&M University  |b Rellis Campus  |c Joint Library Facility  |d Remote Storage  |t 0  |e HE3695 C6 F47  |h Library of Congress classification  |i unmediated -- volume  |m A14806367245 
998 f f |a HE3695 C6 F47  |t 0  |l Remote Storage